000 01120nam a2200325Ia 4500
003 OSt
005 20221007121117.0
006 a|||||r|||| 00| 0
007 ta
008 221006b |||||||| |||| 00| 0 eng d
020 _a9780470747032 (hbk)
024 _a148967
037 _b058, 15/09/2011, N R Book Distributors
_cTextual
040 _aBDL
_cBDL
_beng
041 _2eng
_aeng
082 _aI:33oa G:(F), Q1 Carb
100 _aAshihara Hiroshi Ed.
245 0 _aPlant metabolism and biotechnology
_b Crozier Alan Ed. Komamine Atsushi Ed.
260 _aUK
_bJohn Wiley sons ltd
_c2011
300 _axiv, 404p.
_ccm.
500 _aInclude bibliographical references; Index 389-404p
650 _a Biosysthesis
_9710668
650 _a Biotechnology
650 _a Plant metabolism
_9710669
650 _aBotany
700 _a Crozier Alan Ed.
700 _a Komamine Atsushi Ed.
_9440670
942 _hI:33oa G:(F), Q1 Carb
_cTEXL
_2CC
999 _c1208454
_d1208454